Mastering LOB development for Silverlight 5 a case study in action : develop a full LOB Silverlight 5 application from scratch with the help of expert advice and an accompanying case study : [professional expertise distilled] /

Bibliographic Details
Main Author: Botella, Braulio Diez.
Corporate Author: ProQuest (Firm)
Format: Electronic eBook
Language:English
Published: Olton Birmingham [England] : Packt Pub., 2012.
Subjects:
Online Access:Click to View
LEADER 01485nam a2200337 a 4500
001 EBC934499
003 MiAaPQ
005 20200520144314.0
006 m o d |
007 cr cn|||||||||
008 120316s2012 enka sf 001 0 eng d
020 |z 9781849683548 
020 |a 9781849683555 (electronic bk.) 
035 |a (MiAaPQ)EBC934499 
035 |a (Au-PeEL)EBL934499 
035 |a (CaPaEBR)ebr10537869 
035 |a (CaONFJC)MIL352322 
035 |a (OCoLC)787844580 
040 |a MiAaPQ  |c MiAaPQ  |d MiAaPQ 
050 4 |a HF5658  |b .B68 2012 
100 1 |a Botella, Braulio Diez. 
245 1 0 |a Mastering LOB development for Silverlight 5  |h [electronic resource] :  |b a case study in action : develop a full LOB Silverlight 5 application from scratch with the help of expert advice and an accompanying case study : [professional expertise distilled] /  |c Braulio Diez Botella ... [et al.]. 
260 |a Olton Birmingham [England] :  |b Packt Pub.,  |c 2012. 
300 |a vii, 402 p. :  |b ill. (some col.) 
500 |a Includes index. 
533 |a Electronic reproduction. Ann Arbor, MI : ProQuest, 2015. Available via World Wide Web. Access may be limited to ProQuest affiliated libraries. 
650 0 |a Line of business reporting  |v Handbooks, manuals, etc. 
650 0 |a Industrial management  |v Handbooks, manuals, etc. 
655 4 |a Electronic books. 
710 2 |a ProQuest (Firm) 
856 4 0 |u https://ebookcentral.proquest.com/lib/matrademy/detail.action?docID=934499  |z Click to View